000 00871nam a22002297a 4500
005 20120917122718.0
008 120917t xxu||||| |||| 00| 0 eng d
010 _aENG-105879
020 _a9789380162775
_c700.00
035 _aEN-89412
037 _bDBAD/PUB
040 _aDPL
_bEnglish
082 _a613.7046
100 _aChauhan, K.S.
_951878
245 _aYoga, beauty and health /
_cby K.S. Chauhan
260 _aNew Delhi
_bArise Publishers & Distributors
_c2012
270 _a4648/1,21, Ansari Road, Daryaganj
_bNew Delhi
_e110002
_mnab@newagebooksindia.com
300 _a232p.
_c23cm(Hb)
500 _aIncludes bibliographical references and index
942 _2ddc
_cEN
_h613.7046
_mCHA
999 _c70060
_d70060